[Event "Titled Tuesday intern op 24th Sep Early"]
[Site "Chess.com INT"]
[Date "2024.09.24"]
[Round "2"]
[White "Kaliakhmet, Elnaz"]
[Black "Provaznik, Michal"]
[Result "1-0"]
[WhiteElo "2137"]
[BlackElo "2081"]
[PlyCount "49"]
[EventDate "2024.09.24"]
[EventType "swiss (blitz)"]
[EventRounds "11"]
[EventCountry "USA"]
[SourceTitle "EXT 2025"]
[Source "ChessBase"]
[SourceDate "2024.10.14"]
[SourceVersion "1"]
[SourceVersionDate "2024.10.14"]
[SourceQuality "1"]

1. e4 e6 2. d4 d5 3. Nd2 c5 4. exd5 exd5 5. Ngf3 Nc6 6. Bb5 Be6 7. 0-0 c4 8. Bxc6+ bxc6 9. b3 cxb3 10. axb3 Bd6 11. Ba3 Nf6 12. Bxd6 Qxd6 13. Ra6 0-0 14. Qa1 Qc7 15. Ne5 Bd7 16. b4 Rfb8 17. c3 h6 18. h3 Qb7 19. Qa3 Be8 20. Ra1 Qb5 21. Rxa7 Rxa7 22. Qxa7 Rb7 23. Qa6 Kh7 24. Ra5 Qe2 25. Qxe2 1-0

[Event "Titled Tuesday intern op 24th Sep Early"]
[Site "Chess.com INT"]
[Date "2024.09.24"]
[Round "5"]
[White "Murawski, Jan"]
[Black "Provaznik, Michal"]
[Result "1-0"]
[WhiteElo "2043"]
[BlackElo "2081"]
[PlyCount "75"]
[EventDate "2024.09.24"]
[EventType "swiss (blitz)"]
[EventRounds "11"]
[EventCountry "USA"]
[SourceTitle "EXT 2025"]
[Source "ChessBase"]
[SourceDate "2024.10.14"]
[SourceVersion "1"]
[SourceVersionDate "2024.10.14"]
[SourceQuality "1"]

1. c4 e5 2. Nc3 Bb4 3. Qc2 Nc6 4. Nf3 Bxc3 5. Qxc3 d6 6. d3 f5 7. g3 Nf6 8. Bg2 0-0 9. 0-0 Qe8 10. b4 Qh5 11. b5 Ne7 12. c5 f4 13. cxd6 cxd6 14. Qb3+ Kh8 15. gxf4 Bh3 16. Bxh3 Qxh3 17. fxe5 Ng4 18. Qb4 Rxf3 19. Bf4 Ng6 20. exf3 N4xe5 21. Bxe5 Nxe5 22. Qf4 Kg8 23. Qg3 Qh5 24. Kg2 Rf8 25. f4 Ng6 26. Kh1 Rxf4 27. Rg1 Qd5+ 28. Qg2 Rf3 29. Rae1 Kf7 30. Re3 Nf4 31. Qxf3 Qxf3+ 32. Rxf3 g5 33. Rxf4+ Kg6 34. Rc1 gxf4 35. Rc7 f3 36. Rxb7 Kf5 37. Rxa7 Kf4 38. b6 1-0

[Event "Titled Tuesday intern op 24th Sep Early"]
[Site "Chess.com INT"]
[Date "2024.09.24"]
[Round "8"]
[White "Soriano Quispe, Ivan Excender"]
[Black "Provaznik, Michal"]
[Result "1-0"]
[WhiteElo "2311"]
[BlackElo "2081"]
[PlyCount "45"]
[EventDate "2024.09.24"]
[EventType "swiss (blitz)"]
[EventRounds "11"]
[EventCountry "USA"]
[SourceTitle "EXT 2025"]
[Source "ChessBase"]
[SourceDate "2024.10.14"]
[SourceVersion "1"]
[SourceVersionDate "2024.10.14"]
[SourceQuality "1"]

1. e4 e6 2. d4 d5 3. Nc3 c5 4. exd5 exd5 5. Bb5+ Nc6 6. Nf3 Bd6 7. 0-0 Nge7 8. dxc5 Bxc5 9. Bf4 0-0 10. h3 a6 11. Be2 Bf5 12. a3 Ba7 13. Bd3 Qd7 14. Re1 Rad8 15. Bg5 f6 16. Bf4 Ng6 17. Bg3 Bxh3 18. gxh3 Qxh3 19. Bh2 Nh4 20. Nxh4 Qxh4 21. Qf3 Rfe8 22. Bg3 Ne5 23. Rxe5 1-0

[Event "Titled Tuesday intern op 17th Sep Early"]
[Site "Chess,com INT"]
[Date "2024.09.17"]
[Round "8"]
[White "Provaznik, Michal"]
[Black "Altynbek, Aiaru"]
[Result "1-0"]
[WhiteElo "2081"]
[BlackElo "1990"]
[PlyCount "43"]
[EventDate "2024.09.17"]
[EventType "swiss (blitz)"]
[EventRounds "11"]
[EventCountry "USA"]
[SourceTitle "EXT 2025"]
[Source "ChessBase"]
[SourceDate "2024.10.14"]
[SourceVersion "1"]
[SourceVersionDate "2024.10.14"]
[SourceQuality "1"]

1. e4 c6 2. d4 d5 3. Nc3 dxe4 4. Nxe4 Nf6 5. Ng5 g6 6. Bc4 e6 7. h4 Bg7 8. N1f3 Nbd7 9. Qe2 Nb6 10. Bb3 Nbd5 11. Bd2 h6 12. Nxf7 Kxf7 13. Ne5+ Kg8 14. Nxg6 Qd6 15. 0-0-0 Rh7 16. Kb1 a5 17. a3 a4 18. Ba2 b5 19. g4 b4 20. axb4 Nxb4 21. Bxb4 Qxb4 22. Qxe6+ 1-0

[Event "Titled Tuesday intern op 17th Sep Late"]
[Site "Chess,com INT"]
[Date "2024.09.17"]
[Round "4"]
[White "Provaznik, Michal"]
[Black "Hernandez Bermudez, Ulises Eduardo"]
[Result "1-0"]
[WhiteElo "2081"]
[BlackElo "2042"]
[PlyCount "109"]
[EventDate "2024.09.17"]
[EventType "swiss (blitz)"]
[EventRounds "11"]
[EventCountry "USA"]
[SourceTitle "EXT 2025"]
[Source "ChessBase"]
[SourceDate "2024.10.14"]
[SourceVersion "1"]
[SourceVersionDate "2024.10.14"]
[SourceQuality "1"]

1. e4 e5 2. Nf3 Nf6 3. Nc3 Bb4 4. Nxe5 0-0 5. Bd3 Re8 6. Nc4 d5 7. Nxd5 Qxd5 8. 0-0 Nxe4 9. c3 Qxd3 10. cxb4 Qxc4 11. d3 Qxb4 12. dxe4 Qxe4 13. Bg5 Bf5 14. Qb3 Nd7 15. h3 Nc5 16. Qb5 Ne6 17. Bh4 Qxh4 18. Qxf5 Nd4 19. Qc5 Re6 20. Rfd1 Nc6 21. Rd7 Rg6 22. Rad1 h6 23. Qd5 Rf8 24. a3 Qxh3 25. Rxc7 Ne5 26. Rc3 Qg4 27. Rg3 Qf5 28. Rxg6 Nf3+ 29. Qxf3 fxg6 30. Qxf5 gxf5 31. Rd5 Rf7 32. f4 g6 33. Kf2 Kg7 34. Ke3 g5 35. g3 b6 36. Kd4 a6 37. Ke5 Kg6 38. Rd6+ Kg7 39. Rxb6 gxf4 40. Kxf4 Rf6 41. Rb7+ Kg6 42. Rb8 h5 43. b4 Rd6 44. Rg8+ Kh6 45. Kxf5 Rd3 46. Rg6+ Kh7 47. Rxa6 Rxg3 48. Kf4 h4 49. b5 Rg1 50. Kf3 h3 51. Ra4 Rg6 52. Rh4+ Kg7 53. Rxh3 Rb6 54. Rh5 Kg6 55. Rc5 1-0

[Event "Titled Tuesday intern op 17th Sep Early"]
[Site "Chess,com INT"]
[Date "2024.09.17"]
[Round "4"]
[White "Provaznik, Michal"]
[Black "Lopez Abreu, Michel Samuel"]
[Result "1-0"]
[WhiteElo "2081"]
[BlackElo "2038"]
[PlyCount "71"]
[EventDate "2024.09.17"]
[EventType "swiss (blitz)"]
[EventRounds "11"]
[EventCountry "USA"]
[SourceTitle "EXT 2025"]
[Source "ChessBase"]
[SourceDate "2024.10.14"]
[SourceVersion "1"]
[SourceVersionDate "2024.10.14"]
[SourceQuality "1"]

1. e4 c6 2. d4 d5 3. Nc3 dxe4 4. Nxe4 Nf6 5. Ng5 h6 6. N5f3 Bf5 7. Bc4 e6 8. Ne2 Bd6 9. Ng3 Bh7 10. 0-0 0-0 11. Re1 Nbd7 12. c3 Nd5 13. Ne5 Qc7 14. f4 N7f6 15. Nh5 Rae8 16. Bd2 Ne4 17. Qg4 f6 18. Nf3 Nxd2 19. Nxd2 Bf5 20. Qh4 Kh8 21. g4 Bh7 22. g5 Nxf4 23. g6 Nxh5 24. Qxh5 Bg8 25. Ne4 Bf4 26. Re2 e5 27. Bxg8 Kxg8 28. Rae1 exd4 29. Nxf6+ gxf6 30. Rxe8 Rxe8 31. Rxe8+ Kg7 32. cxd4 Qd6 33. Qc5 Bxh2+ 34. Kh1 Qg3 35. Qe7+ Kxg6 36. Rg8+ 1-0

[Event "Titled Tuesday intern op 03rd Sep Early"]
[Site "Chess.com INT"]
[Date "2024.09.03"]
[Round "2"]
[White "Provaznik, Michal"]
[Black "Diachek, Andriy"]
[Result "1-0"]
[WhiteElo "2081"]
[BlackElo "2162"]
[PlyCount "103"]
[EventDate "2024.09.03"]
[EventType "swiss (blitz)"]
[EventRounds "11"]
[EventCountry "USA"]
[SourceTitle "EXT 2025"]
[Source "ChessBase"]
[SourceDate "2024.10.14"]
[SourceVersion "1"]
[SourceVersionDate "2024.10.14"]
[SourceQuality "1"]

1. e4 c5 2. c3 Nf6 3. e5 Nd5 4. d4 cxd4 5. Nf3 Nc6 6. cxd4 d6 7. Nc3 dxe5 8. dxe5 Nxc3 9. Qxd8+ Nxd8 10. bxc3 Bd7 11. Be3 Bc6 12. 0-0-0 Bxf3 13. gxf3 a6 14. Kb2 e6 15. Bd3 Nc6 16. f4 g6 17. Be4 Rc8 18. Bb6 Be7 19. Rd3 Bd8 20. Bxc6+ bxc6 21. Bc5 Be7 22. Bd6 Bxd6 23. Rxd6 Ke7 24. Kb3 Rc7 25. Rhd1 Rb8+ 26. Kc4 Rb2 27. R1d2 Rb5 28. a4 Rd5 29. Rd4 h6 30. Kd3 g5 31. Ke4 gxf4 32. Kxf4 Rd7 33. Rxd7+ Kxd7 34. Ke4 Kc7 35. f4 Kb6 36. Rb4+ Ka5 37. Rb7 Kxa4 38. Rxf7 Rc5 39. Kd3 Kb3 40. Rf6 Rxc3+ 41. Kd2 a5 42. Rxe6 a4 43. Re8 Rc2+ 44. Kd1 Rc4 45. f5 a3 46. Rb8+ Kc3 47. Ra8 Kb2 48. f6 a2 49. f7 Rf4 50. e6 Rf1+ 51. Ke2 Rf4 52. Ke3 1-0

[Event "Titled Tuesday intern op 03rd Sep Early"]
[Site "Chess.com INT"]
[Date "2024.09.03"]
[Round "8"]
[White "Provaznik, Michal"]
[Black "Saya, Ethan"]
[Result "0-1"]
[WhiteElo "2081"]
[BlackElo "2240"]
[PlyCount "114"]
[EventDate "2024.09.03"]
[EventType "swiss (blitz)"]
[EventRounds "11"]
[EventCountry "USA"]
[SourceTitle "EXT 2025"]
[Source "ChessBase"]
[SourceDate "2024.10.14"]
[SourceVersion "1"]
[SourceVersionDate "2024.10.14"]
[SourceQuality "1"]

1. e4 d5 2. exd5 Qxd5 3. Nc3 Qa5 4. b4 Qxb4 5. Rb1 Qd6 6. Nf3 Nf6 7. d4 c6 8. Bd3 b5 9. 0-0 Bg4 10. h3 Bh5 11. g4 Bg6 12. Bxb5 cxb5 13. Nxb5 Qd8 14. Ne5 e6 15. Qf3 Nd5 16. Rb3 a6 17. Nc3 Be7 18. Ne4 0-0 19. c4 Bxe4 20. Qxe4 Nd7 21. Nc6 Qe8 22. cxd5 Nf6 23. Qf3 Nxd5 24. Nxe7+ Qxe7 25. Ba3 Qd7 26. Bxf8 Rxf8 27. Rfb1 Qa4 28. Rb8 Re8 29. R1b7 Nf6 30. g5 Rxb8 31. gxf6 Rxb7 32. Qxb7 gxf6 33. Qg2+ Kf8 34. Qa8+ Ke7 35. Qb7+ Kf8 36. Qa8+ Kg7 37. Qg2+ Kh6 38. Qg4 Qb5 39. h4 Qh5 40. Qf4+ Kg7 41. Kg2 Qg6+ 42. Kh2 h5 43. f3 Qc2+ 44. Kg3 Qxa2 45. Kh3 Qd5 46. Qg3+ Kh7 47. Qf4 Qf5+ 48. Qxf5+ exf5 49. d5 Kg7 50. d6 Kf8 51. Kg3 a5 52. Kf4 Ke8 53. Kxf5 a4 54. Kxf6 a3 55. d7+ Kxd7 56. Kxf7 a2 57. Kg7 a1Q+ 0-1

[Event "Titled Tuesday intern op 06th Aug Early"]
[Site "Chess.com INT"]
[Date "2024.08.06"]
[Round "6"]
[White "Bruhovich, Olexandr"]
[Black "Provaznik, Michal"]
[Result "1-0"]
[WhiteElo "2208"]
[BlackElo "2081"]
[PlyCount "73"]
[EventDate "2024.08.06"]
[EventType "swiss (blitz)"]
[EventRounds "11"]
[EventCountry "USA"]
[SourceTitle "EXT 2025"]
[Source "ChessBase"]
[SourceDate "2024.10.14"]
[SourceVersion "1"]
[SourceVersionDate "2024.10.14"]
[SourceQuality "1"]

1. e4 c5 2. Nf3 Nc6 3. d4 cxd4 4. Nxd4 e6 5. Nxc6 bxc6 6. Bd3 d5 7. exd5 exd5 8. 0-0 Bd6 9. Nc3 Nf6 10. Re1+ Kf8 11. Bg5 Rb8 12. Rb1 Rb4 13. h3 h6 14. a3 hxg5 15. axb4 g4 16. b5 gxh3 17. g3 h2+ 18. Kh1 Ng4 19. Qf3 Qb6 20. Re2 Ne5 21. Rxe5 Bxe5 22. Re1 Bd4 23. bxc6 Bxf2 24. Rf1 Be6 25. Rxf2 Qxc6 26. Rxh2 Rxh2+ 27. Kxh2 Qb6 28. Nxd5 Qxb2 29. Nc7 Ba2 30. Qa8+ Ke7 31. Qxa7 Kf6 32. Ne8+ Kg5 33. Qe3+ Kh5 34. Qf4 g5 35. Qf5 Qd4 36. Nf6+ Kh6 37. Qh7# 1-0

[Event "Titled Tuesday intern op 06th Aug Early"]
[Site "Chess.com INT"]
[Date "2024.08.06"]
[Round "7"]
[White "Provaznik, Michal"]
[Black "Amura, Claudia Noemi"]
[Result "1-0"]
[WhiteElo "2081"]
[BlackElo "2191"]
[PlyCount "133"]
[EventDate "2024.08.06"]
[EventType "swiss (blitz)"]
[EventRounds "11"]
[EventCountry "USA"]
[SourceTitle "EXT 2025"]
[Source "ChessBase"]
[SourceDate "2024.10.14"]
[SourceVersion "1"]
[SourceVersionDate "2024.10.14"]
[SourceQuality "1"]

1. e4 c5 2. c3 g6 3. d4 cxd4 4. cxd4 Bg7 5. h4 h5 6. Nc3 d6 7. Bc4 Nf6 8. Nf3 Bg4 9. Be3 Nbd7 10. Qd2 Rc8 11. Bb3 Bxf3 12. gxf3 Nb6 13. Qd3 a6 14. Rg1 Qc7 15. Rc1 Nc4 16. Nd5 Qa5+ 17. Ke2 Nxd5 18. Rxc4 Rxc4 19. Qxc4 0-0 20. exd5 b5 21. Qc3 Qb6 22. a3 a5 23. Rc1 a4 24. Ba2 Bf6 25. Kd3 Bxh4 26. Qc6 Qb8 27. Qc7 Qa8 28. Rc6 Rb8 29. Ke2 b4 30. Bc4 bxa3 31. bxa3 Kg7 32. Kf1 Rb7 33. Qc8 Rb8 34. Qa6 Rb1+ 35. Kg2 Qb8 36. Qxa4 Qb7 37. Bd3 Ra1 38. Qb4 Qd7 39. Rc1 Ra2 40. Qb3 Bxf2 41. Bxf2 Rd2 42. Qc3 Ra2 43. Bc4 Rxf2+ 44. Kxf2 Qh3 45. Qe3 Qh2+ 46. Ke1 Qh1+ 47. Bf1 Qh4+ 48. Kd2 Qh2+ 49. Be2 Qh3 50. Qxe7 Qf5 51. Rc7 Qf4+ 52. Qe3 Qf5 53. Bd3 Qxd5 54. Bc4 Qa5+ 55. Ke2 Qxc7 56. Qb3 Qe7+ 57. Kf2 Qh4+ 58. Ke3 Qg5+ 59. Kf2 Qh4+ 60. Ke2 Qe7+ 61. Kd2 Qg5+ 62. Kc3 Qe3+ 63. Kb4 Qd2+ 64. Kb5 Qxd4 65. Bxf7 Qc5+ 66. Ka6 Qa7+ 67. Kxa7 1-0

[Event "Titled Tuesday intern op 06th Aug Early"]
[Site "Chess.com INT"]
[Date "2024.08.06"]
[Round "5"]
[White "Provaznik, Michal"]
[Black "Ezat, Mohamed Mahmoud"]
[Result "0-1"]
[WhiteElo "2081"]
[BlackElo "2307"]
[PlyCount "156"]
[EventDate "2024.08.06"]
[EventType "swiss (blitz)"]
[EventRounds "11"]
[EventCountry "USA"]
[SourceTitle "EXT 2025"]
[Source "ChessBase"]
[SourceDate "2024.10.14"]
[SourceVersion "1"]
[SourceVersionDate "2024.10.14"]
[SourceQuality "1"]

1. e4 c6 2. d4 d5 3. Nc3 dxe4 4. Nxe4 Nf6 5. Ng5 h6 6. N5f3 Bf5 7. Ne2 e6 8. Ng3 Nbd7 9. Bc4 Bd6 10. Qe2 0-0 11. 0-0 Bg4 12. h3 Bxf3 13. Qxf3 Qc7 14. Nh5 Nxh5 15. Qxh5 c5 16. dxc5 Qxc5 17. Qxc5 Bxc5 18. Rd1 Rfd8 19. Bf4 Nb6 20. Bb3 Rac8 21. Kf1 a5 22. a4 Bd4 23. c3 Bf6 24. Rxd8+ Bxd8 25. Rd1 Bc7 26. Be3 Kf8 27. Ke2 Ke8 28. Rd4 Nd7 29. Rc4 Ne5 30. Rc5 b6 31. Rb5 Rb8 32. Bf4 f6 33. Bxe6 Ke7 34. Bb3 Kd7 35. Rd5+ Kc6 36. Rd1 Re8 37. Kf1 Re7 38. Bd5+ Kd7 39. b4 Kc8 40. Be3 Ng6 41. Bf3 f5 42. Rd5 Ne5 43. Be2 Kb7 44. Bd4 g5 45. b5 Nd7 46. c4 Kb8 47. Bf3 Kc8 48. Rxf5 Be5 49. Be3 Bd6 50. Bg4 Kc7 51. Rd5 Nc5 52. Bxc5 Bxc5 53. Be2 Re4 54. Rf5 Re6 55. Rf7+ Kd6 56. Rh7 Rf6 57. f3 Ke5 58. Bd3 Kf4 59. Ke2 Kg3 60. Rd7 Kxg2 61. Be4 Kxh3 62. Rd1 Kg3 63. Rd5 Kf4 64. Rd7 h5 65. Rh7 h4 66. Rh5 g4 67. Rxh4 Ke5 68. Rxg4 Kd4 69. Bd5+ Kc3 70. f4 Kb4 71. Kd3 Kxa4 72. Rg2 Kb3 73. Re2 a4 74. Re1 Rxf4 75. Rb1+ Ka2 76. Rh1 a3 77. Rh2+ Kb3 78. Bf3 Rxf3+ 0-1

[Event "Titled Tuesday intern op 06th Aug Early"]
[Site "Chess.com INT"]
[Date "2024.08.06"]
[Round "11"]
[White "Provaznik, Michal"]
[Black "Levitan, Caleb Levi"]
[Result "0-1"]
[WhiteElo "2081"]
[BlackElo "2193"]
[PlyCount "88"]
[EventDate "2024.08.06"]
[EventType "swiss (blitz)"]
[EventRounds "11"]
[EventCountry "USA"]
[SourceTitle "EXT 2025"]
[Source "ChessBase"]
[SourceDate "2024.10.14"]
[SourceVersion "1"]
[SourceVersionDate "2024.10.14"]
[SourceQuality "1"]

1. e4 e5 2. Nf3 Nc6 3. Nc3 Nf6 4. d4 exd4 5. Nxd4 Bb4 6. Nxc6 bxc6 7. Bd3 0-0 8. 0-0 d5 9. exd5 cxd5 10. Bg5 c6 11. Qf3 Be7 12. Ne2 h6 13. Bh4 Ne4 14. Bxe7 Qxe7 15. Nd4 Nd2 16. Qg3 Nxf1 17. Rxf1 Qf6 18. c3 c5 19. Nf3 Bf5 20. Rd1 Rab8 21. Bxf5 Qxf5 22. Nh4 Qc2 23. Rf1 Rxb2 24. h3 Rb1 25. Rxb1 Qxb1+ 26. Kh2 Qb8 27. f4 g5 28. Nf5 Qxf4 29. Nxh6+ Kh7 30. Ng4 Qxg3+ 31. Kxg3 f6 32. Ne3 d4 33. cxd4 cxd4 34. Nd1 Kg6 35. Kf3 Re8 36. Nb2 Kf5 37. g4+ Ke5 38. Ke2 Kd5+ 39. Kd2 Re3 40. a4 Rxh3 41. a5 Ra3 42. Nd1 Rxa5 43. Nf2 Ra2+ 44. Ke1 Rxf2 0-1

[Event "Titled Tuesday intern op 06th Aug Early"]
[Site "Chess.com INT"]
[Date "2024.08.06"]
[Round "4"]
[White "Sreyas, Payyappat"]
[Black "Provaznik, Michal"]
[Result "0-1"]
[WhiteElo "2084"]
[BlackElo "2081"]
[PlyCount "58"]
[EventDate "2024.08.06"]
[EventType "swiss (blitz)"]
[EventRounds "11"]
[EventCountry "USA"]
[SourceTitle "EXT 2025"]
[Source "ChessBase"]
[SourceDate "2024.10.14"]
[SourceVersion "1"]
[SourceVersionDate "2024.10.14"]
[SourceQuality "1"]

1. e4 c5 2. Nf3 e6 3. d4 cxd4 4. Nxd4 Nc6 5. Nc3 Nf6 6. Ndb5 Bb4 7. Nd6+ Ke7 8. Bf4 e5 9. Nf5+ Kf8 10. Bd2 d5 11. Nxd5 Bxd2+ 12. Qxd2 Nxe4 13. Qd3 Bxf5 14. g4 Bg6 15. 0-0-0 Qa5 16. Qb3 Nc5 17. Qc4 Ne4 18. Qb3 Nc5 19. Qc4 Ne4 20. Bd3 Nxf2 21. Bxg6 hxg6 22. Rhf1 Nxd1 23. Nb6 f6 24. Nxa8 Ne3 25. Qe6 Nxf1 26. Qc8+ Kf7 27. Qxb7+ Ne7 28. c3 Qd5 29. Qxa7 Qd2+ 0-1

[Event "Titled Tuesday intern op 30th Jul Early"]
[Site "Chess.com INT"]
[Date "2024.07.30"]
[Round "2"]
[White "Provaznik, Michal"]
[Black "Dixit, Nikhil"]
[Result "0-1"]
[WhiteElo "2081"]
[BlackElo "2382"]
[PlyCount "98"]
[EventDate "2024.07.30"]
[EventType "swiss (blitz)"]
[EventRounds "11"]
[EventCountry "USA"]
[SourceTitle "EXT 2025"]
[Source "ChessBase"]
[SourceDate "2024.10.14"]
[SourceVersion "1"]
[SourceVersionDate "2024.10.14"]
[SourceQuality "1"]

1. e4 g6 2. d4 a6 3. Nf3 Bg7 4. h4 h5 5. a4 d6 6. Bc4 Nf6 7. Nc3 Bg4 8. Be3 Nc6 9. Qe2 e6 10. Rd1 Bxf3 11. Qxf3 Ng4 12. Ne2 Nxe3 13. fxe3 0-0 14. Nf4 Ne7 15. Qh3 d5 16. Bd3 dxe4 17. Bxe4 Nd5 18. 0-0 Nxf4 19. Rxf4 c6 20. c3 Qd6 21. Rdf1 Rae8 22. g4 e5 23. R4f3 exd4 24. Bb1 hxg4 25. Qxg4 dxe3 26. h5 e2 27. Re1 Qc5+ 28. Kh1 Qxh5+ 29. Qxh5 gxh5 30. Bd3 Re5 31. Rxe2 Rxe2 32. Bxe2 h4 33. Rf4 Re8 34. Bc4 Re1+ 35. Kg2 Re7 36. Rxh4 Bf6 37. Rf4 Kg7 38. Kf3 Bg5 39. Re4 Rd7 40. b3 b5 41. a5 bxc4 42. Rxc4 Rd6 43. Rc5 f6 44. b4 Kg6 45. c4 Bd2 46. b5 cxb5 47. cxb5 Bxa5 48. bxa6 Rxa6 49. Rc8 Bd2 0-1

[Event "Titled Tuesday intern op 30th Jul Early"]
[Site "Chess.com INT"]
[Date "2024.07.30"]
[Round "6"]
[White "Provaznik, Michal"]
[Black "Nithyalakshmi, Sivanesan"]
[Result "0-1"]
[WhiteElo "2081"]
[BlackElo "1912"]
[PlyCount "90"]
[EventDate "2024.07.30"]
[EventType "swiss (blitz)"]
[EventRounds "11"]
[EventCountry "USA"]
[SourceTitle "EXT 2025"]
[Source "ChessBase"]
[SourceDate "2024.10.14"]
[SourceVersion "1"]
[SourceVersionDate "2024.10.14"]
[SourceQuality "1"]

1. e4 e5 2. Nf3 Nc6 3. Nc3 Nf6 4. d4 exd4 5. Nxd4 Bb4 6. Nxc6 bxc6 7. Bd3 0-0 8. 0-0 d6 9. Bg5 h6 10. Bh4 Qe7 11. Qf3 g5 12. Bg3 Bg4 13. Qe3 Bc5 14. Qd2 Nh5 15. Kh1 Rab8 16. Na4 Bd4 17. c3 Be5 18. b3 Bf4 19. Bxf4 Nxf4 20. Bc2 Qf6 21. f3 Bd7 22. Nb2 Rbe8 23. Rad1 Qg7 24. Nc4 f5 25. Rde1 d5 26. exd5 cxd5 27. Ne3 c6 28. g3 Ng6 29. Qd3 Ne5 30. Qd4 f4 31. Nxd5 cxd5 32. Qxd5+ Kh8 33. Kg2 Bc6 34. Qc5 Bxf3+ 35. Rxf3 Nxf3 36. Kxf3 Rxe1 37. g4 Re3+ 38. Kf2 Rfe8 39. Qf5 Re2+ 40. Kf1 R2e5 41. Qd3 R5e7 42. h4 Qe5 43. hxg5 Qe1+ 44. Kg2 Re2+ 45. Kf3 Qf2# 0-1

[Event "Titled Tuesday intern op 09th Jul Early"]
[Site "Chess.com INT"]
[Date "2024.07.09"]
[Round "9"]
[White "Provaznik, Michal"]
[Black "Allahverdiyeva, Ayan"]
[Result "0-1"]
[WhiteElo "2081"]
[BlackElo "2180"]
[PlyCount "138"]
[EventDate "2024.07.09"]
[EventType "swiss (blitz)"]
[EventRounds "11"]
[EventCountry "USA"]
[SourceTitle "EXT 2025"]
[Source "ChessBase"]
[SourceDate "2024.10.14"]
[SourceVersion "1"]
[SourceVersionDate "2024.10.14"]
[SourceQuality "1"]

1. e4 c5 2. c3 d5 3. exd5 Qxd5 4. d4 Nf6 5. Nf3 e6 6. Bd3 cxd4 7. cxd4 Bb4+ 8. Nc3 Qa5 9. Bd2 0-0 10. 0-0 Nc6 11. a3 Bxc3 12. bxc3 Qd8 13. Re1 b6 14. Bg5 h6 15. Bh4 Bb7 16. Qe2 Nb8 17. c4 Nbd7 18. Rad1 Rc8 19. Ne5 Qc7 20. f4 Qd6 21. Kh1 a6 22. Bb1 Qxa3 23. Rd3 Qa1 24. Bc2 Qb2 25. Rb1 Qa2 26. Rg3 Nxe5 27. Bh7+ Nxh7 28. Qxa2 Nxc4 29. h3 Nd6 30. Be7 Nf5 31. Bxf8 Nxg3+ 32. Kh2 Nf5 33. Ba3 b5 34. Rc1 Rd8 35. Bc5 Nf6 36. g4 Nh4 37. Kg3 g5 38. Rd1 Ne4+ 39. Kh2 Nc3 40. Qa5 Nf3+ 41. Kg3 Rd7 42. Qxc3 gxf4+ 43. Kxf4 Ng5 44. h4 Ne4 45. Qb2 Nxc5 46. dxc5 Rxd1 47. Qc2 Rf1+ 48. Ke3 Bc6 49. Ke2 Rg1 50. Ke3 Rxg4 51. Qc1 Re4+ 52. Kd3 Rc4 53. Qxh6 Rxc5 54. h5 Bf3 55. Qf4 Rd5+ 56. Ke3 Bxh5 57. Qb8+ Kg7 58. Qc8 a5 59. Qb7 a4 60. Qa7 Bg6 61. Kf4 Rf5+ 62. Kg4 Bh5+ 63. Kg3 Bg6 64. Qd4+ Kh7 65. Kg4 a3 66. Qc3 Bh5+ 67. Kg3 Rf3+ 68. Qxf3 Bxf3 69. Kxf3 a2 0-1

[Event "Titled Tuesday intern op 09th Jul Early"]
[Site "Chess.com INT"]
[Date "2024.07.09"]
[Round "6"]
[White "Provaznik, Michal"]
[Black "Lowinger, Daniel"]
[Result "0-1"]
[WhiteElo "2081"]
[BlackElo "2072"]
[PlyCount "80"]
[EventDate "2024.07.09"]
[EventType "swiss (blitz)"]
[EventRounds "11"]
[EventCountry "USA"]
[SourceTitle "EXT 2025"]
[Source "ChessBase"]
[SourceDate "2024.10.14"]
[SourceVersion "1"]
[SourceVersionDate "2024.10.14"]
[SourceQuality "1"]

1. e4 c5 2. c3 Nf6 3. e5 Nd5 4. d4 cxd4 5. Nf3 d6 6. cxd4 Nc6 7. exd6 e6 8. Nc3 Nxc3 9. bxc3 Bxd6 10. Bd3 b6 11. 0-0 Bb7 12. Re1 Ne7 13. Ne5 0-0 14. Qh5 f5 15. Re3 Nd5 16. Rh3 Nf6 17. Qh4 Rc8 18. Bg5 Bxe5 19. dxe5 Qd5 20. Bf1 Qxe5 21. Bxf6 Qxf6 22. Qxh7+ Kf7 23. Rd1 Bc6 24. Rd6 Ke7 25. Rdd3 Rfd8 26. Rhg3 Kf7 27. Rxd8 Rxd8 28. Be2 Be4 29. Bh5+ Kf8 30. Qh8+ Ke7 31. Rxg7+ Kd6 32. Qxd8+ Qxd8 33. h3 Ke5 34. g3 Kf6 35. Rg6+ Ke5 36. f4+ Kd6 37. Rg7 Kc5 38. Rxa7 Qd2 39. Rc7+ Kd6 40. Bf3 Qe3+ 0-1

[Event "Titled Tuesday intern op 18th Jun Early"]
[Site "Chess.com INT"]
[Date "2024.06.18"]
[Round "9"]
[White "Kozlov, Denis1"]
[Black "Provaznik, Michal"]
[Result "1-0"]
[WhiteElo "2091"]
[BlackElo "2081"]
[PlyCount "87"]
[EventDate "2024.06.18"]
[EventType "swiss (blitz)"]
[EventRounds "11"]
[EventCountry "USA"]
[SourceTitle "EXT 2025"]
[Source "ChessBase"]
[SourceDate "2024.10.14"]
[SourceVersion "1"]
[SourceVersionDate "2024.10.14"]
[SourceQuality "1"]

1. d4 e6 2. c4 b6 3. Nf3 Bb7 4. g3 f5 5. Bg2 Nf6 6. 0-0 Be7 7. Nc3 0-0 8. d5 Qe8 9. Nd4 Ng4 10. d6 Bxg2 11. dxe7 Qh5 12. exf8Q+ Kxf8 13. h4 Bxf1 14. Qxf1 e5 15. Qg2 c6 16. Nf3 Na6 17. b3 Re8 18. Ba3+ Kg8 19. Rd1 Nb8 20. Nh2 Nf6 21. Bd6 e4 22. Nf1 Na6 23. Ne3 Nc5 24. Bxc5 bxc5 25. Qh3 Re5 26. Rd2 g5 27. Nxf5 g4 28. Qg2 Qxf5 29. Nd1 Re7 30. Ne3 Qe5 31. Qf1 d5 32. cxd5 cxd5 33. Qc1 d4 34. Nc4 Qd5 35. Rc2 e3 36. fxe3 Ne4 37. exd4 Nxg3 38. Qg5+ Qxg5 39. hxg5 Nxe2+ 40. Rxe2 Rxe2 41. dxc5 Rxa2 42. c6 Rc2 43. c7 Rc1+ 44. Kg2 1-0

[Event "Titled Tuesday intern op 18th Jun Early"]
[Site "Chess.com INT"]
[Date "2024.06.18"]
[Round "8"]
[White "Provaznik, Michal"]
[Black "Larina, Marija"]
[Result "0-1"]
[WhiteElo "2081"]
[BlackElo "1969"]
[PlyCount "104"]
[EventDate "2024.06.18"]
[EventType "swiss (blitz)"]
[EventRounds "11"]
[EventCountry "USA"]
[SourceTitle "EXT 2025"]
[Source "ChessBase"]
[SourceDate "2024.10.14"]
[SourceVersion "1"]
[SourceVersionDate "2024.10.14"]
[SourceQuality "1"]

1. e4 c6 2. d4 d5 3. Nc3 dxe4 4. Nxe4 Nf6 5. Ng3 h5 6. h4 Bg4 7. f3 Qd6 8. N1e2 Bc8 9. c3 Nbd7 10. Bf4 e5 11. dxe5 Nxe5 12. Qxd6 Bxd6 13. 0-0-0 Bc7 14. Nd4 0-0 15. Ndf5 Nd3+ 16. Bxd3 Bxf4+ 17. Kc2 Re8 18. Rhe1 Be6 19. Ne2 Bc7 20. Ned4 Bxf5 21. Nxf5 g6 22. Nd4 Kg7 23. a4 Bg3 24. Rxe8 Rxe8 25. Bc4 Bxh4 26. Nb3 Re7 27. a5 Bf2 28. Rd2 Be3 29. Re2 Kf8 30. Kd3 Bg1 31. Rxe7 Kxe7 32. Nd2 Nd5 33. Ke4 f5+ 34. Kd3 Nf4+ 35. Kc2 Nxg2 36. a6 b5 37. Bf1 Ne3+ 38. Kd3 Nxf1 39. Nxf1 h4 40. Ke2 h3 41. Ng3 f4 42. Nh1 h2 43. Kf1 Kd6 44. Ke2 Kd5 45. Kd3 c5 46. b3 c4+ 47. bxc4+ bxc4+ 48. Ke2 Kc5 49. Kf1 Kb6 50. Kg2 Kxa6 51. Nf2 Bxf2 52. Kh1 Bg1 0-1